000 00809nam a22002537a 4500
005 20111121110445.0
008 111121t xxu||||| |||| 00| 0 eng d
010 _aENG-104146
020 _a9780071332194
_c275.00
020 _a0071332197
_c275.00
035 _aEN-87679
037 _bDBAD / PUB
040 _aDPL
_bEng
082 _a530
100 1 _935919
245 1 0 _aRank master R physics for IIT-JEE 2012
260 _aNew Delhi
_bTata McGraw-Hill
_c2011
270 _a7 West Patel Nagar
_bNew Delhi
_e110008
300 _ax,444p.
_c26cm(pbk)
490 _aTata McGraw-Hill's winning edge series
_91235
700 _935920
942 _adpl
_cEN
_2ddc
_h530
_mRAN
999 _c58550
_d58550